000 00537nam a2200169 i 4500
001 100352
003 ES-MaACL
005 20230906182646.0
007 t|
008 050926s1968 sp ||||1| cat d
100 1 _aMartorell i Bisbal, Artur.
_978540
245 1 0 _aGuiatge per a parlar i escriure bé el cataláa /
_cArtur Martorell i Bisbal; illustracions de Cesc.
260 _aBarcelona :
_bHogar del Libro,
_c1968.
300 _a223 p., 4 h. :
_bil. ;
_c23 cm.
700 1 _aCesc.
_937681
852 _aES-MaACL
_jC-47434
_bR.68459
999 _c100352
_d100352